| 000 | 01118nam a2200217 c 4500 | ||
|---|---|---|---|
| 001 | 000003963 | ||
| 003 | RuMoIPM | ||
| 005 | 20220507230332.0 | ||
| 008 | 160419s2015 ru a||p|||||||||||||rus d | ||
| 020 | _a978-5-00019-489-8 | ||
| 035 | _a(RuMoIPM Bibliobus) 004178 | ||
| 040 |
_aRuMoIPM _brus _ercr |
||
| 080 | _a517.956.6 | ||
| 245 | 0 | 0 |
_aХайруллин Равиль Сагитович. Задача Трикоми для уравнения второго рода с сильным вырождением _cХайруллин Р.С. |
| 260 |
_aКазань _bИзд-во Казан. ун-та _c2015 |
||
| 300 | _a233 с. | ||
| 504 | _aБиблиогр.: с. 226-233 | ||
| 700 | 0 | _aХайруллин, Равиль Сагитович | |
| 887 |
_aХайруллин Равиль Сагитович. Задача Трикоми для уравнения второго рода с сильным вырождением / Хайруллин Р.С. — Казань : Изд-во Казан. ун-та, 2015. — 233 с. — Библиогр.: с. 226-233. — ISBN 978-5-00019-489-8. _2Bibliobus |
||
| 942 | _cBK | ||
| 999 |
_c3963 _d3963 |
||